[Event "Gijon RGCC op 7th"]
[Site "Gijon"]
[Date "2023.08.08"]
[Round "5"]
[White "Morato Tent, Francisco"]
[Black "Biempica Marin, Alvaro"]
[Result "1-0"]
[WhiteElo "1966"]
[BlackElo "1449"]
[PlyCount "51"]
[EventDate "2023.08.05"]
[EventType "swiss"]
[EventRounds "9"]
[EventCountry "ESP"]
[SourceTitle "EXT 2024"]
[Source "ChessBase"]
[SourceDate "2023.10.10"]
[SourceVersion "1"]
[SourceVersionDate "2023.10.10"]
[SourceQuality "1"]

1. e4 e5 2. Nf3 Nc6 3. Bc4 Bc5 4. c3 d6 5. d4 exd4 6. cxd4 Bb4+ 7. Nc3 Bg4 8. Qb3 Qe7 9. 0-0 0-0-0 10. Nd5 Qxe4 11. Nxb4 Nxb4 12. Ng5 Qg6 13. Bxf7 Qd3 14. Qxb4 Nh6 15. Bd5 c6 16. Be4 Qa6 17. Be3 Rhe8 18. Qc3 d5 19. Bd3 Qb6 20. b4 Bd7 21. Bf4 Rf8 22. Bg3 Nf5 23. Bxf5 Rxf5 24. f4 h6 25. Nf3 Re8 26. Rfe1 1-0